LEADER 01445nam 22004093 450 001 996716675303316 005 20260315090620.0 010 $a9789027243966 035 $a(CKB)45679710300041 035 $a(MiAaPQ)EBC32609146 035 $a(Au-PeEL)EBL32609146 035 $a(EXLCZ)9945679710300041 100 $a20260315d2026 uy 0 101 0 $aeng 135 $aur||||||||||| 181 $ctxt$2rdacontent 182 $cc$2rdamedia 183 $acr$2rdacarrier 200 10$a60 Years of Applied Linguistics $eToward More Engaged Research 205 $a1st ed. 210 1$aAmsterdam/Philadelphia :$cJohn Benjamins Publishing Company,$d2026. 210 4$d©2026. 215 $a1 online resource (224 pages) 225 1 $aAILA Applied Linguistics Series ;$vv.22 330 $aThis collective volume brings together leading international applied linguists to examine how applied linguistics has transformed in response to shifting political landscapes, technological change, and global challenges. 410 0$aAILA Applied Linguistics Series 606 $aApplied linguistics$3http://id.loc.gov/authorities/subjects/sh85006168 608 $aEssays$2lcgft 615 0$aApplied linguistics 700 $aMiras$b Grégory$01327357 801 0$bMiAaPQ 801 1$bMiAaPQ 801 2$bMiAaPQ 906 $aBOOK 912 $a996716675303316 996 $a60 Years of Applied Linguistics$94556769 997 $aUNISA